000 00617nam a2200301Ia 4500
005 20260401122251.0
008 008 250103s9999 xx 000 0 eng d
020 _a415229391
037 _aTB
040 _aEDL
040 _beng
040 _cEDL
041 _2eng
041 _aeng
084 _a809.9 MOR
084 _qEDL
100 _aMorris, Pam
_91233077
245 0 _aRealism
245 0 _cMorris, Pam
260 _aLondon
260 _bRoutledge
260 _c2005
300 _a186p
942 _cTB
942 _h809.9 MOR
999 _c1846075
_d1846075